000 00293nam a2200121Ia 4500
008 220216s9999 xx 000 0 und d
100 _aChakraborty Sugata
245 0 _aPrecipitated silica in tires
260 _bRubber World
_c2013
300 _a37-41
700 _aShah Darshak
942 _cJS
999 _c65451
_d65451